| 000 | 00661nam a2200217 u 4500 | ||
|---|---|---|---|
| 005 | 20220622063525.0 | ||
| 008 | 071009s2005 mx r 000 0 spa d | ||
| 020 | _a9978973834 | ||
| 035 | _aUPN01000152728 | ||
| 049 | _aI | ||
| 050 | 4 |
_aPZ71 _bV5.2 |
|
| 100 | 1 | _aViteri, Solange | |
| 245 | 1 | 3 |
_aLa aventura de Brigitte / _cSolange Viteri ; il. por Pablo Pincay. |
| 260 |
_aQuito : _bVelásquez y Velásquez, _c2005. |
||
| 300 |
_a16 p. : _bprincipalmente il. col. |
||
| 440 | 3 |
_aLa oruga. _pCuentos para cantar |
|
| 650 | 4 |
_aCuentos infantiles _96744 |
|
| 650 | 0 |
_aAnimales _vCuentos y leyendas _9234 |
|
| 700 | 1 |
_aPincay, Pablo, _bil. |
|
| 905 | _aInfantil | ||
| 999 |
_c124851 _d124851 |
||